[Event "Andalucia-ch Seniors"]
[Site "Huelva"]
[Date "2014.04.24"]
[Round "1.9"]
[White "Berrio Lerma, Juan Manuel"]
[Black "Aguilar Bustillo, Juan"]
[Result "0-1"]
[WhiteElo "1548"]
[BlackElo "1899"]
[PlyCount "98"]
[EventDate "2014.04.24"]
[EventType "swiss"]
[EventRounds "6"]
[EventCountry "ESP"]
[SourceTitle "EXT 2024"]
[Source "ChessBase"]
[SourceDate "2023.10.10"]
[SourceVersion "1"]
[SourceVersionDate "2023.10.10"]
[SourceQuality "1"]

1. d4 g6 2. c4 Bg7 3. Nc3 c5 4. Nf3 Nf6 5. Bf4 cxd4 6. Nxd4 d6 7. Nf3 0-0 8. e3 Nc6 9. h3 Qb6 10. Qd2 Rd8 11. a3 Na5 12. Qc2 d5 13. cxd5 Nxd5 14. Nxd5 Rxd5 15. Be2 Nb3 16. Bc7 Rc5 17. Bxb6 Rxc2 18. Rd1 axb6 19. Rd8+ Bf8 20. Bd1 Rc1 21. 0-0 Nc5 22. Ne5 Ne6 23. Re8 Ra5 24. Nf3 Bd7 25. Rb8 Bc6 26. Nd4 Nxd4 27. exd4 Kg7 28. Rd8 e6 29. Bb3 Rxf1+ 30. Kxf1 Be7 31. Rc8 Bf6 32. Rc7 Bd5 33. Bxd5 exd5 34. Rxb7 Bxd4 35. Ke2 Bxb2 36. Rxb6 Bxa3 37. Rb1 Bc5 38. Rb2 Kf6 39. g3 h5 40. f3 Ra3 41. Rc2 Ba7 42. Rc6+ Ke5 43. f4+ Kf5 44. g4+ hxg4 45. hxg4+ Kxg4 46. Rf6 Re3+ 47. Kd2 Re7 48. Kd3 Be3 49. Ra6 Kxf4 0-1